VII y VIII combinado de Colombia al comité de las Naciones Unidas para la eliminación de la discriminación contra la mujer / (Registro nro. 4665)

Detalles MARC
000 -LEADER
fixed length control field 01258nam a2200241Ia 4500
003 - CONTROL NUMBER IDENTIFIER
control field OSt
005 - DATE AND TIME OF LATEST TRANSACTION
control field 20200429182826.0
008 - FIXED-LENGTH DATA ELEMENTS--GENERAL INFORMATION
fixed length control field 191128s2011 ck a gr 000 0 spa d
040 ## - CATALOGING SOURCE
Original cataloging agency CO-JMCR
Transcribing agency CO-JMCR
041 1# - LANGUAGE CODE
Language code of text/sound track or separate title spa
082 04 - DEWEY DECIMAL CLASSIFICATION NUMBER
Classification number 305.4 /
Item number P727v
110 1# - MAIN ENTRY--CORPORATE NAME
Corporate name or jurisdiction name as entry element Colombia. Presidencia de la República
9 (RLIN) 2972
245 10 - TITLE STATEMENT
Title VII y VIII combinado de Colombia al comité de las Naciones Unidas para la eliminación de la discriminación contra la mujer /
Statement of responsibility, etc. Colombia. Presidencia de la República
260 ## - PUBLICATION, DISTRIBUTION, ETC.
Place of publication, distribution, etc. Bogotá :
Name of publisher, distributor, etc. Presidencia de la República,
Date of publication, distribution, etc. 2011
300 ## - PHYSICAL DESCRIPTION
Extent 354 páginas :
Other physical details ilustraciones a color ;
Dimensions 28 cm.
300 ## - PHYSICAL DESCRIPTION
Other physical details
300 ## - PHYSICAL DESCRIPTION
Dimensions 28 cm
505 ## - FORMATTED CONTENTS NOTE
Formatted contents note Definición de discriminación -- Igualdad entre hombres y mujeres y no discriminación -- Desarrollo y adelanto de la mujer -- Medidas encaminadas a acelerar la igualdad entre hombres y mujeres -- Eliminación de patrones culturales que discriminan
520 ## - SUMMARY, ETC.
Summary, etc. La convención para la eliminación de todas las formas de discriminación contra la mujer (aprobada en 1979) fue ratificada por el Estado colombiano el 19 de enero de 1982 y el protocolo facultativo.
650 14 - SUBJECT ADDED ENTRY--TOPICAL TERM
Topical term or geographic name entry element Violencia contra la mujer
9 (RLIN) 627
650 24 - SUBJECT ADDED ENTRY--TOPICAL TERM
Topical term or geographic name entry element Mujeres Desarrollo social
9 (RLIN) 3735
942 ## - ADDED ENTRY ELEMENTS (KOHA)
Source of classification or shelving scheme Dewey Decimal Classification
Koha item type Books
Existencias
Withdrawn status Lost status Source of classification or shelving scheme Materials specified (bound volume or other part) Damaged status Not for loan Home library Current library Shelving location Date acquired Source of acquisition Cost, normal purchase price Total Checkouts Full call number Barcode Date last seen Copy number Price effective from Koha item type
    Dewey Decimal Classification Donación--15/04/2018--     Biblioteca Pública José María del Castillo y Rada Biblioteca Pública José María del Castillo y Rada General Stacks 11/28/2019 Donación 0.00   305.4 / P727v 430000450 05/16/2024 Ej.1 11/28/2019 Books